Online
Catalog

Las encomiendas gallegas de la orden militar de San Juan de Jerusalén : (Record no. 41179)

MARC details
000 -CABECERA
campo de control de longitud fija 00806nam a2200193 a 4500
001 - NÚMERO DE CONTROL
campo de control 000041689
005 - FECHA Y HORA DE LA ÚLTIMA TRANSACCIÓN
campo de control 20201002035713.0
008 - DATOS DE LONGITUD FIJA--INFORMACIÓN GENERAL
campo de control de longitud fija 131015s2004 sp ab 000 0 spa d
020 ## - NÚMERO INTERNACIONAL ESTÁNDAR DEL LIBRO
Número Internacional Estándar del Libro 8400082508
040 ## - FUENTE DE LA CATALOGACIÓN
Centro catalogador/agencia de origen DO-SdBNP
Lengua de catalogación spa
Centro/agencia transcriptor BNPHU
082 ## - NÚMERO DE LA CLASIFICACIÓN DECIMAL DEWEY
Número de clasificación xxx
Número de documento/Ítem G216e
100 1# - ENTRADA PRINCIPAL--NOMBRE DE PERSONA
Nombre de persona García Tato, Isidro
9 (RLIN) 68500
245 14 - MENCIÓN DE TÍTULO
Título Las encomiendas gallegas de la orden militar de San Juan de Jerusalén :
Resto del título estudio y edición documental /
Mención de responsabilidad, etc. Isidro García Tato.
260 ## - PUBLICACIÓN, DISTRIBUCIÓN, ETC.
Lugar de publicación, distribución, etc. Santiago de Compostela :
Nombre del editor, distribuidor, etc. Consejo Superior de Investigaciones Científicas, Instituto de Estudios Gallegos "Padre Sarmiento" : Xunta de Galicia,
Fecha de publicación, distribución, etc. 2004.
300 ## - DESCRIPCIÓN FÍSICA
Extensión v. :
Otras características físicas il., maps ;
Dimensiones 25 cm.
500 ## - NOTA GENERAL
Nota general Incluye referencias bibliográficas y notas al pie de las páginas.
504 ## - NOTA DE BIBLIOGRAFÍA, ETC.
Nota de bibliografía, etc. Bibliografía: p. 693-697
505 2# - NOTA DE CONTENIDO CON FORMATO
Título Época medieval
Holdings
Estado de retiro Estado de pérdida Restricciones de uso No para préstamo Código de colección Localización permanente Ubicación/localización actual Ubicación en estantería Fecha de adquisición Número de inventario Total de préstamos Signatura topográfica completa Código de barras Fecha visto por última vez Precio válido a partir de Tipo de ítem Koha
      Excluido de préstamo Monografías: Libros y Folletos General General En catalogación 15.10.2013 LF1   xxx G216e 41689-10 25.06.2020 25.06.2020 No se presta

Powered by Koha